000 00946nam a2200241Ia 4500
999 _c3352
_d3352
003 OSt
005 20200312160245.0
008 191128s1980 sp a br 000 j spa d
020 _a8475140289
040 _aCO-JMCR
_cCO-JMCR
041 0 _aspa
082 0 4 _aC /
_2CERa
100 1 _aCervantes Saavedra, Miguel de,
_eautor
_91492
245 1 0 _aAventuras de D. Quijote /
_cMiguel de Cervantes
260 _aMadrid :
_bEuropa Ediexport,
_c1980
300 _a[30] páginas sin numerar :
_bilustraciones a color ;
_c25 cm.
490 0 _aLecturas
520 _aEl Ingenioso Hidalgo Don Quijote de la Mancha (Miguel de Cervantes Saavedra, 1605) es la obra literaria más universal y valorada de todos los tiempos escrita en castellano. Considerada la primera novela moderna.
650 1 4 _aCuentos infantiles españoles
_91198
650 1 4 _aLiteratura infantil española
_91493
650 1 4 _aAventuras en la literatura
_91221
942 _2ddc
_cBK